01136nabaa22002057a 4500003000400000005001700004008004100021040000700062100002200069245008600091300001300177500003700190505038800227505008900615650002700704650003300731650002400764650002700788773011500815OSt20260128224450.0190701b xxu||||| |||| 00| 0 spa d cPJ aBonato, Mauro R. 10aMás sobre la obligación de motivar actos administrativos /cMauro R. Bonato.  ap. 44-63 aCita: TR LALEY AR/DOC/3276/2024  aSumario: I. Introducción.— II. Motivación: concepto e idea.— III. Finalidad de una debida motivación.— IV. Motivación en derecho comparado.— V. Motivación en la Ley Nacional de Procedimientos Administrativos.— VI. Contenido de la motivación.— VII. Ubicación metodológica de la motivación.— VIII. Vicios en la motivación.— IX. A modo de colofón.  t¿Te interesa el texto completo? Comunicate al correo: koha@justierradelfuego.gov.ar 0aDERECHO ADMINISTRATIVO 0aPROCEDIMIENTO ADMINISTRATIVO 0aACTO ADMINISTRATIVO 0aDERECHO CONSTITUCIONAL0 02842dBuenos Aires : AbeledoPerrot, 2012-oDA121tDerecho administrativo. Nº 157 enero/febrero 2025z18510590